书目信息 |
| 题名: |
全彩西方绘画艺术史
|
|
| 作者: | 汝信 主编 ;王红媛 编著 | |
| 分册: | ||
| 出版信息: | 银川 宁夏人民出版社 2000 |
|
| 页数: | 338页 | |
| 开本: | 23cm | |
| 丛书名: | 全彩艺术史系列 | |
| 单 册: | ||
| 中图分类: | J209.5 | |
| 科图分类: | ||
| 主题词: | 绘画史--西方国家--图集 | |
| 电子资源: | ||
| ISBN: | 7-227-02182-3 | |
| 000 | 00689oam2 2200229 450 | |
| 005 | 20070606200555.12 | |
| 010 | @a7-227-02182-3@dCNY68.00 | |
| 100 | @a20010627e20032000em y0chiy0110 ea | |
| 101 | 0 | @achi |
| 102 | @aCN@b640000 | |
| 105 | @aa z 000yy | |
| 200 | 1 | @a全彩西方绘画艺术史@Aquan cai xi fang hui hua yi shu shi@f汝信主编@g王红媛编著 |
| 210 | @a银川@c宁夏人民出版社@d2000@h2003 | |
| 215 | @a338页@c彩图@d23cm | |
| 225 | 2 | @a全彩艺术史系列 |
| 461 | 0 | @12001 @a全彩艺术史系列 |
| 606 | 0 | @a绘画史@y西方国家@j图集 |
| 690 | @aJ209.5@v4 | |
| 701 | 0 | @a汝信@Aru xin@4主编 |
| 702 | 0 | @a王红媛@Awang hong yuan@4编著 |
| 801 | 0 | @aCN@bTAOJIN@c20070606 |
| 905 | @a10447@dJ209.5@e478 | |
| 全彩西方绘画艺术史/汝信主编/王红媛编著.-银川:宁夏人民出版社,2000(2003) |
| 338页:彩图;23cm.-(全彩艺术史系列) |
| ISBN 7-227-02182-3:CNY68.00 |
| ● |
| 相关链接 |
|
|
|
|
正题名:全彩西方绘画艺术史
索取号:J209.5/478
 
预约/预借
| 序号 | 登录号 | 条形码 | 馆藏地/架位号 | 状态 | 备注 |
| 1 | 0527051 | 205270516 | 第一样本阅览室/ [索取号:J209.5/478] | 在馆 | |
| 2 | 0527052 | 205270525 | 第一借阅区/ [索取号:J209.5/478] | 在馆 | |
| 3 | 0527053 | 205270534 | 第一借阅区/ [索取号:J209.5/478] | 在馆 | |
| 4 | 0527054 | 205270543 | 第一借阅区/ [索取号:J209.5/478] | 在馆 |